| 000 | 00761nam a2200193 i 4500 | ||
|---|---|---|---|
| 001 | 115724 | ||
| 003 | ES-MaACL | ||
| 005 | 20230906190537.0 | ||
| 007 | t| | ||
| 008 | 070510s1968 sp ||||1| spa d | ||
| 080 | _a946(093.2) | ||
| 245 | 0 | 0 |
_aLigarzas _b: [dedicado a celebrar los venticinco años de labor universitaria del Prof. D. José Mª Lacarra de Miguel]. |
| 260 |
_aValencia : _bUniversidad de Valencia, Facultad de Filosofía y Letras, Departamento de Historia Medieval, _c1968. |
||
| 300 |
_a254 p. ; _c21 cm. |
||
| 651 | 4 |
_aEspaña- _xHistoria- _vFuentes. _98345 |
|
| 700 | 1 |
_aLacarra, José María ( _d1907-1987) _969329 |
|
| 710 | 2 |
_aUniversidad de Valencia. _bDepartamento de Historia Medieval. _97320 |
|
| 852 |
_aES-MaACL _jC-48354 _bR.67522 |
||
| 999 |
_c115724 _d115724 |
||